| 000 | 00630nam a2200205 i 4500 | ||
|---|---|---|---|
| 001 | 81963 | ||
| 003 | ES-MaACL | ||
| 005 | 20230906174539.0 | ||
| 007 | t| | ||
| 008 | 041117s1982 sp ||||1| spa d | ||
| 017 | _aM 12421-1982 | ||
| 020 | _a84-239-6244-X | ||
| 080 | _a342.25(465.11+466) | ||
| 100 | 1 |
_aOssa Echaburu, Rafael. _987780 |
|
| 245 | 1 | 0 |
_aEuzkadi/80 _b: aproximación al entendimiento de problemas de España / _cRafael Ossa Echaburu. |
| 260 |
_aMadrid : _bEspasa-Calpe, _c1982. |
||
| 300 |
_a283 p. : _bil. ; _c18 cm. |
||
| 650 | 4 |
_aNacionalismo- _zPaís Vasco. _915458 |
|
| 852 |
_aES-MaACL _jE-10435 _bR.130874 |
||
| 999 |
_c81963 _d81963 |
||